| 000 | 00934nam a2200229 a 4500 | ||
|---|---|---|---|
| 999 |
_c3531 _d3531 |
||
| 001 | 3531 | ||
| 003 | BD-JhCC | ||
| 005 | 20171115171106.0 | ||
| 008 | 171002s2000 bg |||| ||a| 000 0 ben d | ||
| 020 | _a9843109457 | ||
| 035 | _a(BD-JhCC) | ||
| 040 |
_aBD-JhCC _dBD-JhCC |
||
| 041 | _aben | ||
| 082 |
_a891.4415 _bSID 2000 |
||
| 100 | _aসিদ্দীকি, আ স ম হেলাল | ||
| 245 |
_aসুন্দরবনের কবিতা : _bবিশ্ব ঐতিহ্য ম্যানগ্রোভ সুন্দরবনের উপর তথ্য ভিত্তিক ৫১ টি কবিতা সম্বলিত কাব্য গ্রন্থ / _cআ স ম হেলাল সিদ্দীকি |
||
| 260 |
_aঢাকা: _bনজরুল ইন্সটিটিউট, _c১৯৯৭ |
||
| 300 |
_a66 p.; _c22 cm |
||
| 650 | _aBengali poetry | ||
| 942 |
_2ddc _cBK |
||